| 000 | 00677nam a2200181 4500 | ||
|---|---|---|---|
| 001 | 125699 | ||
| 003 | ES-MaACL | ||
| 005 | 20230906192701.0 | ||
| 007 | t| | ||
| 008 | 070214s1951 mx r ||||1| spa d | ||
| 100 | 1 |
_aRegato, Juan A. del. _995878 |
|
| 245 | 1 | 0 |
_aCáncer _b: diagnóstico, tratamiento y pronóstico / _cpor Juan A. del Regato ; Lauren V. Ackerman ; traducción al castellano por Oscar G. Carrera. |
| 260 |
_aMéxico : _bUnión Tipográfica Editorial Hispano-Americana, _c1951. |
||
| 300 |
_aXV, 1121 p., 8 lám. col. : _bil. ; _c25 cm. |
||
| 700 | 1 |
_aAckerman, Lauren V. _918277 |
|
| 700 | 1 |
_aCarrera, Oscar G. _935633 |
|
| 852 |
_aES-MaACL _jD-6885 _bR.31722 |
||
| 999 |
_c125699 _d125699 |
||